|
|
|
|
| LEADER |
01116nam a22002417a 4500 |
| 001 |
12766 |
| 003 |
BD-DhAAL |
| 005 |
20150111160418.0 |
| 008 |
150111s1996 bg ||||| |||| 00| 0 ben d |
| 020 |
|
|
|a 984081910
|
| 040 |
|
|
|a BD-DhAAL
|c BD-DhAAL
|
| 082 |
|
|
|2 22
|a 809.9335
|
| 100 |
|
|
|a হক, সৈয়দ আনায়ারুল
|9 7347
|
| 245 |
|
|
|a সাহিত্যে নারীজীবনের রূপায়ণ /
|c সৈয়দ আনায়ারুল হক
|
| 260 |
|
|
|a ঢাকা :
|b একাডেমিক প্রেস এন্ড পাবলিশার্স লাইব্রেরী,
|c ১৯৯৬
|
| 300 |
|
|
|a vi, ১০৭ পৃ. ;
|c ২২ সে. মি.
|
| 504 |
|
|
|6 গ্রন্থপঞ্জি অন্তর্ভূক্ত
|
| 541 |
|
|
|e 12766
|
| 650 |
|
|
|a Women and literature
|9 6292
|
| 852 |
|
|
|a Ayesha Abed Library
|c General Stacks
|
| 942 |
|
|
|2 ddc
|c BK
|
| 999 |
|
|
|c 33463
|d 33463
|
| 952 |
|
|
|0 0
|1 0
|2 ddc
|4 0
|6 809_933500000000000_HAQ
|7 0
|9 44725
|a BRACUL
|b BRACUL
|c GEN
|d 2015-01-11
|g 200.00
|l 1
|o 809.9335 HAQ
|p 3010012766
|r 2017-05-21
|s 2017-05-15
|t 1
|w 2015-01-11
|y BK
|